| 000 | 00485nam a2200157 a 4500 | ||
|---|---|---|---|
| 001 | 000029578 | ||
| 005 | 20200930055642.0 | ||
| 008 | 110419s1983 dr ac 000 0 spa d | ||
| 040 |
_aDO-SdBNP _bspa _cBNPHU |
||
| 082 |
_axxx _bB598A |
||
| 100 | 1 |
_aAdamés, Roque, _b1928-2009 _956409 |
|
| 245 | 1 | 0 |
_aEl padre Billini : _blección permanente / _cMonseñor Roque Adamés. |
| 260 |
_aSanto Domingo : _bLoteria Nacional, _c[1983?]. |
||
| 300 |
_a16 p. : _bil., retr. ; _c21 cm. |
||
| 049 | _aBNPD | ||
| 999 |
_c29070 _d29070 |
||